Hommes politiques de droite de la Ve république #1 - Statistiques

Statistiques générales
  • Ce quiz a été pris 157 fois
  • Le résultat moyen est 11 sur 16
Statistiques - réponses
Par images Réponse % Correct
de Gaulle
98%
Sarkozy
98%
Chirac
96%
Valéry Giscard d'Estaing
95%
Pompidou
92%
Philippe
90%
Fillon
87%
de Villepin
76%
Juppé
73%
Larcher
71%
Raffarin
46%
Pasqua
42%
Chaban Delmas
41%
Poher
28%
Seguin
28%
Michel Debré
19%
Aucun quiz correspondant
Distribution des résultats
% des personnes avec chaque résultat
Percentile par nombre de réponses
Votre historique - résultats
Vous n’avez pas pris ce quiz